000 00651nam a22001937a 4500
005 20170721141235.0
010 _aENG-119280
020 _a9788173054587
_c995.00
035 _aEN-102812
037 _bDBAD/PUB
082 _a230.5923
100 _aLal,B.B.
245 _aHistoricity of the Mahabharta :
_cbyB.B. Lal
_bevidence of literature, art and archaeology /
260 _aNew Delhi
_bAryan Book Interrnational
_c2015
270 _aPooja Apartments 4BAnsari Road
_bNew Delhi
_e110002
300 _axiiii,104p. :
_c25cm(Hb)
_bill
500 _aIncludes bibliographical references and Index
942 _2ddc
_cEN
_h230.5923
_mLAL
999 _c142765
_d142765